Normal view
MARC view
- McFADDEN,L.ROBERTA
Entry Personal Name
001 - CONTROL NUMBER
- control field: 133998
003 - CONTROL NUMBER IDENTIFIER
- control field: NUST
005 - DATE AND TIME OF LATEST TRANSACTION
- control field: 20260408151510.0
008 - FIXED-LENGTH DATA ELEMENTS
- fixed length control field: 260408|| aca||aabn | a|a d
040 ## - CATALOGING SOURCE
- Original cataloging agency: NUST
- Transcribing agency: NUST
100 ## - HEADING--PERSONAL NAME
- Personal name: McFADDEN,L.ROBERTA
670 ## - SOURCE DATA FOUND
- Source citation: Work cat.: (NUST): McFADDEN,L.ROBERTA., CHOICES FRESHMAN SEMINAL /, 2007.
